Série Vikings FR - Statistiques

Statistiques générales
  • Ce quiz a été pris 603 fois
  • Le résultat moyen est 9 sur 15
Statistiques - réponses
Indice Réponse % Correct
Le personnage principal Ragnar
99%
Côte-de-fer Bjorn
97%
Le désossée Ivar
94%
Guerrière au bouclier Lagertha
82%
Œil de serpent Sigurd
74%
L’ours Rollo
73%
Le loup Ubbe
70%
Ragnarsson 3 Hvitserk
55%
Roi de Northumbrie Aelle
52%
Roi du Wessex 1 Ecbert
51%
Princesse sorcière Aslaug
49%
Femme de Bjorn Torvi
48%
Princesse de Nurthumbrie Judith
33%
Son fils Aethelwulf
32%
Femme de Ubbe Margrethe
15%
Aucun quiz correspondant
Distribution des résultats
% des personnes avec chaque résultat
Percentile par nombre de réponses
Votre historique - résultats
Vous n’avez pas pris ce quiz